| 000 | 00649cab a2200205 4500 | ||
|---|---|---|---|
| 001 | ABS43238 | ||
| 008 | 090401t1990 xxu||||| |||| 00| 0 eng d | ||
| 035 | _a(Sirsi) u41004 | ||
| 041 | _aeng | ||
| 100 | _aVan den Bos, J. | ||
| 245 | _aHungarians won`t dance to West`s tune | ||
| 260 | _c1990 | ||
| 350 | _a0 | ||
| 490 |
_aChartered Surveyor Weekly _v32(8) 30 August 1990, 28-29(2) |
||
| 520 | _aReports on the Hungarian property market , as it attempts to withstand a sellout to foreign ers, and on procedures for property investment in Hungary . | ||
| 650 | _aBUDAPEST | ||
| 690 | _aOVERSEAS-EUROPE | ||
| 942 | _n0 | ||
| 948 | _c04/03/1997 | ||
| 999 |
_c26313 _d26313 |
||